| 000 | 01114pam a2200289 a 4500 | ||
|---|---|---|---|
| 001 | 3017233 | ||
| 005 | 20211206200324.0 | ||
| 008 | 941221r19951990enkab 000 0aeng | ||
| 010 | _a 94048857 | ||
| 020 | _a1853671991 (pbk.) | ||
| 040 |
_aDLC _cDLC _dDLC |
||
| 050 | 1 | 0 |
_aD532.3 _b.R6513 1995 |
| 082 | 0 | 0 |
_a940.4 _aB _220 _bROM |
| 100 | 1 |
_aRommel, Erwin, _d1891-1944. _985841 |
|
| 240 | 1 | 0 |
_aInfanterie greift an. _lEnglish |
| 245 | 1 | 0 |
_aInfantry attacks / _cby Erwin Rommel ; with a new introduction by Manfred Rommel. |
| 260 |
_aLondon : _bGreenhill Books ; _aPennsylvania : _bStackpole Books, _c1995. |
||
| 300 |
_axv, 265 p. : _bill., maps ; _c23 cm. |
||
| 500 | _aOriginally published: 1990. | ||
| 600 | 1 | 0 |
_aRommel, Erwin, _d1891-1944. _985841 |
| 650 | 0 |
_aWorld War, 1914-1918 _xCampaigns. _985842 |
|
| 650 | 0 |
_aInfantry drill and tactics. _985843 |
|
| 650 | 0 |
_aWorld War, 1914-1918 _xPersonal narratives, German. _985844 |
|
| 906 |
_a7 _bcbc _corignew _d1 _eocip _f19 _gy-gencatlg |
||
| 942 |
_2ddc _cBK |
||
| 999 |
_c587129 _d587129 |
||